000
00275pab a2200109 454500
008
180718b xxu||||| |||| 00| 0 eng d
100
_a
Shukla, Shashi
245
_a
Secularism in India: an introspection
650
_a
Secularism - India
773
_a
Third Concept
909
_a
24579
999
_c
24579
_d
24579